01011cam a22002531 4500001001300000003000400013005001700017008004100034010001700075035001900092040004300111042001200154050002400166082001300190110005500203245019500258260004800453300002500501490004600526610005500572650002600627810008700653999001700740l 48000045 DLC20260227111540.0800514s1948 dcu f000 0 eng c al 48000045  a(OCoLC)6315729 aU.S. Dept. of Labor. LibrarycOCldDLC apremarc00aHD4935.U4bA55 1947 a331.29731 aUnited States.bNational Wage Stabilization Board.04aThe National Wage Stabilization Board, January 1, 1946-February 24, 1947.bA documentary history of the Board together with brief explanations of its formation, organization, and activities. aWashington,bU.S. Govt. Print. Off.c[1948] aviii, 594 p.c24 cm.1 aHistorical reports on war administration.10aUnited States.bNational Wage Stabilization Board. 0aWageszUnited States.1 aUnited States.tUnited States Government historical reports on war administration. c36607d36607